| 000 -LEADER |
| fixed length control field |
00972nam a22000977a 4500 |
| 040 ## - CATALOGING SOURCE |
| Transcribing agency |
RUA |
| 082 ## - DEWEY DECIMAL CLASSIFICATION NUMBER |
| Classification number |
FRA OCT 2000 C227 Or. |
| 245 ## - TITLE STATEMENT |
| Title |
PAFAARC 2: PROGRAMME D'APPUI A LA FORMATION AGRICOLE ET AGRONOMIQUE AU ROYAUME DU CAMBODGE, កម្មវិធីជំនួយគាំទ្រដល់ការបណ្តុះបណ្តាលកសិកម្ម និងក្សេត្រសាស្រ្ត នៅព្រះរាជាណាចក្រកម្ពុជា |
| Remainder of title |
Misson d'appui en analyse des metiers agricole au Cambodge pour une meilleure adequation emploi/formation: បេសកកម្មជំនួយគាំទ្រដល់ការវិភាគមុខរបរកសិកម្មនៅកម្ពុជាដើម្បីសម្របសម្រួលមុខរបរ និង ការបណ្តុះបណ្តាលឱ្យកាន់តែប្រសើរ |
| 260 ## - PUBLICATION, DISTRIBUTION, ETC. (IMPRINT) |
| Place of publication |
phnom penh |
| Name of publisher |
rua |
| Year of publication |
2000 |
| 942 ## - ADDED ENTRY ELEMENTS (KOHA) |
| Koha item type |
ឯកសារស្រាវជ្រាវ |
| 952 ## - LOCATION AND ITEM INFORMATION (KOHA) |
| Withdrawn status [LOCAL, KOHA] |
0 |
| 952 ## - LOCATION AND ITEM INFORMATION (KOHA) |
| Withdrawn status [LOCAL, KOHA] |
0 |